000 00397nam a2200133Ia 4500
008 191108s9999 xx 000 0 und d
020 _a978-0-451-20536-0
100 _aClason, George S.
245 _cGeorge Clason.--
_a The richest man in Babylon /
260 _aNew York:
_bA Signet Book
_c1955.
300 _ax, 144 pages :
_c18 cm.
650 _aBusiness ethics.
650 _aBusiness ethics.
999 _c362536
_d362536